Curso de derecho civil
Saved in:
| Hovedforfatter: | |
|---|---|
| Format: | Bog |
| Sprog: | spansk |
| Udgivet: |
Santiago
Jurídica de Chile
2006
|
| Udgivelse: | 4a. ed |
| Fag: | |
| Tags: |
Tilføj Tag
Ingen Tags, Vær først til at tagge denne postø!
|
MARC
| LEADER | 00000nam a2200000 a 4500 | ||
|---|---|---|---|
| 001 | UCJ1199 | ||
| 003 | CL-VaPUC | ||
| 008 | 061006e20060000CL |||||||||||||||||spa|d | ||
| 020 | |a 9561010976 | ||
| 082 | 0 | 4 | |a 346.83 |b FIG |2 21 |
| 100 | |a Figueroa Yáñez, Gonzalo |e autor |9 296658 | ||
| 245 | 1 | 0 | |a Curso de derecho civil |
| 250 | |a 4a. ed | ||
| 300 | |a v | ||
| 942 | |c BK | ||
| 945 | |d 20061006 00:00:00 |a cmena | ||
| 260 | |a Santiago |b Jurídica de Chile |c 2006 | ||
| 500 | |a v.1: Materiales para clases activas. El derecho civil en general; teoría de la ley; los derechos subjetivos | ||
| 500 | |a v.2: Materiales para clases activas. Teoría de los actos jurídicos | ||
| 650 | 0 | |a Derecho civil |9 255013 | |
| 650 | 0 | |a Código civil |9 256135 | |
| 650 | 0 | |a Jurisprudencia |9 255952 | |
| 651 | 7 | |a CHILE |2 CL-VaPUC |9 501711 | |
| 583 | |a last modification |c 20061006 00:00:00 |k Rodrigo Vera | ||
| 999 | |c 317860 |d 317858 | ||
| 952 | |0 0 |1 0 |4 0 |6 346_830000000000000_FIG_2006 |7 0 |8 A |9 394887 |a BIBDER |b BIBDER |d 2019-11-22 |h v.1 |i 4261062 |l 1 |m 3 |o 346.83 FIG 2006 |p 4261062 |q 2025-12-31 |r 2020-03-12 |s 2020-03-12 |w 2019-11-22 |y BK |k DER | ||
| 952 | |0 0 |1 0 |4 0 |6 346_830000000000000_FIG_2006 |7 0 |8 A |9 394888 |a BIBDER |b BIBDER |d 2019-11-22 |h v.2 |i 4261070 |o 346.83 FIG 2006 |p 4261070 |r 2023-01-25 |w 2019-11-22 |y BK |k DER | ||